Novomanžel zachraňuje Zem

Bibliographic Details
Main Authors: Miller, Max B. (ain), Stewart, Patrick, 1940- (Author, uin)
Other Authors: Virgala, Jozef (apd)
Format: Article
Language:Slovak
PhysicalDescription:Fotogr.
ISSN:0139-7451
Subjects:

MARC

LEADER 00000nab a2200000 a 4500
001 vtls000743920
003 SK-MaSNL
005 20260302193828.0
008 160321c2000 xo 0 slo
015 |a SNBRB2001/01-03353 
035 |a CLN000095757 
040 |a SNKBUCL  |b slo  |c SNKBUCL  |e AACR2 
041 0 |a slo 
044 |a xo  |c SK 
080 |a 791.44.071.2  |2 UDC-MRF-SK2 
080 |a 929 Stewart, Patrik  |2 UDC-MRF-SK2 
100 1 |a Miller, Max B.  |4 ain  |9 838779 
245 1 0 |a Novomanžel zachraňuje Zem  |c Max B. Miller ; spracoval Jozef Virgala 
300 |b Fotogr. 
600 1 7 |a Stewart, Patrick,  |d 1940-  |2 snkbucl  |9 19835 
655 7 |a články z novín a časopisov  |2 snkbucl  |9 267496 
700 1 |a Stewart, Patrick,  |d 1940-  |4 aut  |4 uin  |9 19835 
700 1 |a Virgala, Jozef  |4 apd  |9 841332 
773 0 |x 0139-7451  |t Eurotelevízia  |g Roč. 10, č. 41 (2000), s. 14-15 
850 |a Slovenská národná knižnica v Martine 
852 |a SNK  |b KIS3GCP 
958 |a US 
958 |a BC 
958 |a RBX 
999 |c 1446068  |d 1447998